Szczegóły MARC21

Psychologja dziecka i pedagogika eksperymentalna /

003 -Nazwa inst., której nr kontr. jest w polu 001 [,]
    • @
    • Nazwa instytucji, której n kontrolny jest w polu 001
    • NUKAT
005 -DATA I CZAS OSTATNIEJ MODYFIKACJI [,]
    • @
    • pole kontrolne
    • 20250320120355.0
040 -Instytucja sporządzająca opis [ , ]
    • a
    • Instytucja, która sporządziła opis (NP)
    • GD U/MZ
    • b
    • Język katalogowania
    • pol
    • e
    • Zasady katalogowania
    • rda
    • c
    • Instytucja, która sporządziła rekord (NP)
    • GD U/MZ
    • d
    • Instytucja, która zmodyfikowała rekord (P)
    • GD U/BDs
    • d
    • Instytucja, która zmodyfikowała rekord (P)
    • GD 88/MSz
    • d
    • Instytucja, która zmodyfikowała rekord (P)
    • LUBL KUL/EF
    • d
    • Instytucja, która zmodyfikowała rekord (P)
    • OLSZT 003/ER
041 -Język dokumentu [1, ]
    • a
    • Język tekstu (P)
    • polski
    • h
    • Język tekstu oryginalnego i/lub pośredniego (P)
    • francuski
942 -Rodzaj dokumentu [ , ]
    • c
    • Rodzaj dokumentu
    • Książka
100 -Hasło główne - nazwa osobowa [1, ]
    • a
    • Nazwa osobowa (NP)
    • Claparède, Édouard
    • d
    • Daty biograficzne (NP)
    • (1873-1940).
    • e
    • Rodzaj współpracy
    • Autor
    • 9
    • KHW
    • 96959
240 -Tytuł ujednolicony [1,0]
    • a
    • Tytuł ujednolicony
    • Psychologie de l'enfant et pédagogie expérimentale
    • l
    • Język tekstu
    • (pol.)
    • 9
    • KHW
    • 484675
245 -Strefa tytułu i oznaczenia odpowiedzialności [1,0]
    • a
    • Tytuł
    • Psychologja dziecka i pedagogika eksperymentalna / Find
    • c
    • Pozostałe elementy strefy tytułu i oznaczenia odpowiedzialności (NP)
    • Ed. Claparède ; z dziesiątego wydania francuskiego przetłumaczyła M. Górska.
246 -Wariant tytułu [3, ]
    • a
    • Tytuł (NP)
    • Psychologia dziecka i pedagogika eksperymentalna
250 -Strefa wydania [ , ]
    • a
    • Oznaczenie wydania (NP)
    • Wydanie drugie.
260 -Strefa adresu wydawniczego [ , ]
    • a
    • Miejsce wydania (P)
    • Warszawa ;
    • a
    • Miejsce wydania (P)
    • Łódź :
    • b
    • Nazwa wydawcy (P)
    • nakładem "Naszej Księgarni" Spółki Akc Związku Polskiego Nauczycielstwa Szkół Powszechnych,
    • c
    • Data wydania (P)
    • 1927
    • e
    • Miejsce druku (NP)
    • (Warszawa :
    • f
    • Nazwa drukarni (P)
    • Zakł. Graf. "Nasza Drukarnia").
300 -Strefa opisu fizycznego [ , ]
    • a
    • Określenie formy książki i/lub objętość (NP)
    • 429, III strony ;
    • c
    • Format (NP)
    • 20 cm.
336 -Typ zawartości [ , ]
    • a
    • Termin opisujący typ zawartości
    • Tekst
    • b
    • Kod określający zawartość
    • txt
    • 2
    • Źródło (terminu i kodu)
    • rdacontent
337 -Typ mediów [ , ]
    • a
    • Tryb odtwarzania
    • Bez urządzenia pośredniczącego
    • b
    • Kod typu mediów
    • n
    • 2
    • Źródło (terminu i kodu)
    • rdamedia
338 -Typ/rodzaj nośnika [ , ]
    • a
    • Hasło opisujące typ nośnika
    • Wolumin
    • b
    • Kod typu nośnika
    • nc
    • 2
    • Źródło (terminu i kodu)
    • rdacarrier
490 -Strefa serii i książki wielotomowej - forma nie do wyszukiwania [1, ]
    • a
    • Tytuł (P)
    • Bibljoteka Dzieł Pedagogicznych ; Find
    • v
    • Numeracja (P)
    • r. 2, nr 10 i 11
830 -Hasło dodatkowe serii i opisu książki wielotomowej - tytuł ujednolicony/tytuł [ ,0]
    • a
    • Tytuł ujednolicony/tytuł (NP)
    • Biblioteka Dzieł Pedagogicznych
    • v
    • Oznaczenie tomu (NP)
    • nr 10 i 11
    • 9
    • KHW
    • 17617
504 -Uwaga dot. bibliogr. załącznikowej [ , ]
    • a
    • Uwaga dot. bibliografii załącznikowej
    • Bibliografia na stronach 423-429.
530 -Uwaga dot. innej postaci fizycznej dokumentu [ , ]
    • a
    • Uwaga dot. innej postaci fizycznej dokumentu
    • Dostępne również w formie elektronicznej.
080 -Uniwersalna Klasyfikacja Dziesiętna [ , ]
    • a
    • Symbol klasyfikacji
    • 159.922.7
    • 9
    • UKD
    • 2421
    • 2
    • Identyfikator wydania tablic
    • UDC-P058
    • b
    • Dopowiedzenie
    • Psychologia dziecka.
080 -Uniwersalna Klasyfikacja Dziesiętna [ , ]
    • a
    • Symbol klasyfikacji
    • :37.013.75
650 -Hasło przedmiotowe [ ,7]
    • a
    • Hasło przedmiotowe
    • Dzieci
    • x
    • Określnik rzeczowy
    • psychologia.
    • 2
    • Źródło terminu
    • kaba
    • 9
    • KHW
    • 106862
650 -Hasło przedmiotowe [ ,7]
    • a
    • Hasło przedmiotowe
    • Psychologia wychowawcza.
    • 2
    • Źródło terminu
    • kaba
    • 9
    • KHW
    • 160548
980 -Symbol UKD [ , ]
    • a
    • UKD
    • 159.922.7:37.013.75
700 -Hasło dodatkowe - nazwa osobowa [1, ]
    • a
    • Nazwa osobowa (NP)
    • Morstin-Górska, Maria Find
    • d
    • Daty biograficzne (NP)
    • (1893-1972).
    • e
    • Określenie rodzaju współpracy
    • Tłumaczenie
    • 9
    • KHW
    • 492613
710 -Hasło dodatkowe - nazwa ciała zbiorowego [2, ]
    • a
    • Nazwa ciała zbiorowego lub nazwa geograficzna jako pierwszy element (NP)
    • "Nasza Księgarnia".
    • e
    • Rodzaj współpracy
    • Wydawca
    • 4
    • Kod relacji
    • pbl
    • 9
    • KHW
    • 56421
710 -Hasło dodatkowe - nazwa ciała zbiorowego [2, ]
    • a
    • Nazwa ciała zbiorowego lub nazwa geograficzna jako pierwszy element (NP)
    • Zakłady Graficzne "Nasza Drukarnia".
    • e
    • Rodzaj współpracy
    • Druk
    • 4
    • Kod relacji
    • prt
    • 9
    • KHW
    • 604949
856 -Dostęp do wersji elektronicznej [4,1]
Sygnatura Data inwentaryzacji Lokalizacja Status udost. Numer inwentarzowy
egz. arch.1997-01-01BG1Z.19663
 1997-01-01BG-3W.48871
 1997-07-01BG1Pd.9902